South Eastern Kenya University

Library Online Public Access Catalogue


Bridging the gap : (Record no. 11396)

MARC details
000 -LEADER
fixed length control field 00743cam a2200241 a 4500
003 - CONTROL NUMBER IDENTIFIER
control field OSt
005 - DATE AND TIME OF LATEST TRANSACTION
control field 20160224093313.0
008 - FIXED-LENGTH DATA ELEMENTS--GENERAL INFORMATION
fixed length control field 091026s2011 maua b 001 0 eng
020 ## - INTERNATIONAL STANDARD BOOK NUMBER
International Standard Book Number 9780205748006 (pbk. : alk. paper)
020 ## - INTERNATIONAL STANDARD BOOK NUMBER
International Standard Book Number 0205748007
040 ## - CATALOGING SOURCE
Original cataloging agency SEKU
050 00 - LIBRARY OF CONGRESS CALL NUMBER
Classification number LB 2395.3
Item number .S6 2011
100 1# - MAIN ENTRY--PERSONAL NAME
Personal name Smith, Brenda D.
245 10 - TITLE STATEMENT
Title Bridging the gap :
Remainder of title college reading /
Statement of responsibility, etc. Brenda D. Smith, LeeAnn Morris.
250 ## - EDITION STATEMENT
Edition statement 10th ed., student ed.
260 ## - PUBLICATION, DISTRIBUTION, ETC. (IMPRINT)
Place of publication, distribution, etc. Boston :
Name of publisher, distributor, etc. Longman,
Date of publication, distribution, etc. c2011.
300 ## - PHYSICAL DESCRIPTION
Extent xxvi, 614 p. :
Other physical details ill. (chiefly col.) ;
Dimensions 26 cm.
504 ## - BIBLIOGRAPHY, ETC. NOTE
Bibliography, etc Includes bibliographical references and index.
650 #0 - SUBJECT ADDED ENTRY--TOPICAL TERM
Topical term or geographic name as entry element Reading (Higher education)
650 #0 - SUBJECT ADDED ENTRY--TOPICAL TERM
Topical term or geographic name as entry element Study skills.
700 1# - ADDED ENTRY--PERSONAL NAME
Personal name Morris, LeeAnn.
942 ## - ADDED ENTRY ELEMENTS (KOHA)
Source of classification or shelving scheme Library of Congress Classification
Koha item type General circulation
Holdings
Withdrawn status Lost status Source of classification or shelving scheme Damaged status Not for loan Home library Current library Shelving location Date acquired Total Checkouts Full call number Barcode Date last seen Price effective from Koha item type Public note
    Library of Congress Classification     Mtito Andei Centre Library Mtito Andei Centre Library General Stacks 24/02/2016   LB 2395.3 .S6 2011 2016/014987 24/02/2016 24/02/2016 General circulation JTH
Kitui, Kenya.
+254736116989
library@seku.ac.ke